000 00456nam a2200169Ia 4500
003 LK-CoDNM
008 010623t1991 xxu||||| |||| 00| 1 eng d
040 _aLK-CoDNM
_dLK-CoDNM
_eLK-CoDNM
041 _aeng
080 _a301 ARS
100 _aArseculeratne,S.N
245 _aSinhalese Immigrants In Malaysia Singapore 1860 - 1990
260 _bK.V.G De Silva Sons
_aColombo 4
_c1991
300 _b405p.;22 cm cm
650 _aSociology
942 _cBK
999 _c115033
_d115033